| 000 | 03220nam0a2200385 4500 | ||
|---|---|---|---|
| 001 | RU\NLR\BIBL_A\012759673 | ||
| 005 | 20231016170151.0 | ||
| 010 | _a978-5-383-01474-5 | ||
| 021 |
_aRU _bКН-П-21-095830 _9КН-П-21-7661 |
||
| 035 | _a(NLR Aleph) 012759673 | ||
| 035 | _a(RuMoRGB)010947022 | ||
| 090 |
_a13058276 _c13058276 |
||
| 100 | _a20220412d2021 u y0rusy50 ca | ||
| 101 | 0 | _arus | |
| 102 | _aRU | ||
| 105 | _aa j 000zy | ||
| 181 | 0 |
_ai _baxxe |
|
| 182 | 0 | _an | |
| 200 | 1 |
_aРасчет экономической эффективности при проектировании энергетических систем и комплексов на основе ГЭС _eучебно-методическое пособие по курсу "Эксплуатация энергетических установок" для студентов, обучающихся по направлению "Теплоэнергетика и теплотехника" _fА. В. Волков, А. К. Лямасов, С. В. Григорьев [и др.] _gМинистерство науки и высшего образования Российской Федерации, Федеральное государственное бюджетное образовательное учреждение высшего образования Национальный исследовательский университет "МЭИ" |
|
| 203 |
_aТекст _bвизуальный _cнепосредственный |
||
| 210 |
_aМосква _cИздательский дом МЭИ _d2021 |
||
| 215 |
_a55 с. _cил., цв. ил. _d21 |
||
| 320 | _aБиблиогр.: с. 55 (10 назв.) | ||
| 606 | 1 |
_aГидроэнергетическое строительство _jУчебно-методические пособия для высших учебных заведений _xИнвестиции капитала _xЭффективность _yРоссийская Федерация _92534540 _3RU\NLR\AUTH\6601714661 |
|
| 606 | 1 |
_aГидроэлектрические станции _jУчебно-методические пособия для высших учебных заведений _xЭкономическая эффективность _91411947 _3RU\NLR\AUTH\66283378 |
|
| 606 | 1 |
_aГидроэлектрические станции _jУчебно-методические пособия для высших учебных заведений _xПроектирование _xТехнико-экономические расчеты _91398261 _3RU\NLR\AUTH\66275581 |
|
| 686 | 1 | _aУ31(2)530.571.12-56-07(2Р)я73 | |
| 686 | 1 | _aЗ57-022.18я73-1 | |
| 701 | 1 |
_7ca _8rus _aВолков _bА. В. _cд-р техн. наук _gАлександр Викторович _949870 _3RU\NLR\AUTH\7766942 |
|
| 701 | 1 |
_aЛямасов _bА. К. _gАлександр Константинович |
|
| 701 | 1 |
_7ca _8rus _aГригорьев _bС. В. _cканд. техн. наук, энергет. системы _gСергей Владимирович _9173482 _3RU\NLR\AUTH\770173533 |
|
| 942 | _cBOOK | ||
| 980 | _aNB | ||